000 00479nam a2200181Ia 4500
001 873
005 20260306140550.0
008 260306t2024||||xx |||||||||||||| ||spa||
041 _aESP
082 _a170.71
_bB27
100 _aBataglia, Patricia Unger Raphael,
_eAUT
245 0 _aStudies on moral competence :
_bproposals and dilemmas for discussion
260 _c2024
300 _axix, 234 páginas :
_c24 cm.
650 _aGEN
654 _aCHU
942 _cLIB
_dJUS
_fJUS
_2ddc
_n
999 _c873
_d873